000 02542cam a22005294i 4500
003 PE-LiUPU
005 20250731180132.0
008 150625s r 000 0 d
020 _a9588800643
035 _a(Sirsi) i9789588800646
040 _aPE-LiUPU
_bspa
_cPE-LiUPU
_erda
049 _aPRUA
082 0 4 _a541.04
_bB84
_221
100 1 _aBrown, Theodore L.,
_eautor.
245 1 0 _aQuímica la ciencia central /
_cTheodore L. Brown.
250 _a3a.
264 1 _aMéxico :
_bHierachical Place,
_c1988.
300 _a893 páginas :
_bilustraciones, esquema, diagramas, fotos ;
_c25 centímetros
336 _atext
_2rdacontent
337 _aunmediated
_2rdamedia
338 _avolume
_2rdacarrier
505 0 _aIntroducción conceptos básicos. -átomos, moléculas e iones. -Estequiometría. -Relaciones energéticas: prmera ley de la termodinámica. -Las estructuras electrónicas de los átomos: conceptos básicos. -Estructura elctrónica: Relaciones periódicas. -Conceptos básicos del enlace químico. -Geometría de la moléculas: orbitales moleculares. -Gases Líquido, sólidos y fuerzas inermolecualeres. -Disoluciones. -La química del medio ambiente. -Cinética química: velocidad de la reacciones. -Equilibrio químico. -Equilibrios químicos. -Equilibrios Acuosos: Acidos y basese. -Equilibrios acuosos: consideraciones adicionales. -Termodinámica química. -Electroquímica. -Química nuclear. -Química del hidrógeno, oxigeno, nitrógeno y carbono. -Otros aspectos de los elementos no metálicos. -Metalurgia, estructura metálica y aleacines. -Química de los elementos de transición. -Química de los compuestos de coordinación. -Química organica. -Bioquímica.
526 _aSEG44
526 _aSEG26
526 _aP159
526 _aP155
526 _aP154
526 _aP153
526 _aP150
526 _aP100
526 _aP31
526 _aP30
526 _aP26
526 _aP25
526 _aP24
526 _aP22
526 _aP15
526 _aP10
650 0 4 _aQuímica.
910 _a
942 _2ddc
_cBOOK
949 _a541.04 B84
_wDEWEY
_c1
_i31364
_d2015-10-28
_e2015-10-27
_lCCODEBUL1
_mBUL
_n1
_r0
_sY
_tBOOK
_u2015-6-25
_xEDUCACION
_zUNKNOWN
_0COMPRA
_o.STAFF. Colección General
994 _aC0
_bPEPRU
596 _a1
999 _a541.04 B84
_wDEWEY
_c45237
_i31364
_d45237
_e2018-4-16
_f2019-12-11
_g4
_lREPAIR
_mBUL
_n3
_q1
_r0
_sY
_tBOOK
_u2015-6-25
_xEDUCACION
_zUNKNOWN
_0COMPRA
_o.STAFF. Colección General
980 _81
_gALBERTO SANCHEZ Responsable de Automatización